Brabantse uitspraken - Statistieken

Algemene statistieken
  • Deze quiz is 53 keer genomen
  • De gemiddelde score is 5 van 20
Antwoordstatistieken
Hint Antwoord % Correct
Houdoe Doei
95%
Sund Zonde/Jammer
66%
Ons pap Mijn vader/Mijn pap
63%
Hoe doedde gij da? Hoe doe jij dat?
53%
Ik ben aangereden Ik ben vertrokken
39%
Kwaot Boos/kwaad
34%
Da's 'ne schonne woage Dat is een mooie auto
34%
Hedde gij da gezeet gehad? Heb jij dat gezegd?
29%
Ik naai druit Ik ga weg
24%
Boks Broek
18%
Da doe ik drek Dat doe ik dadelijk
18%
Witte gijt? Weet jij dat?
13%
Denond De hond
11%
Jong Kinderen
11%
Minde da werkelijk waor? Meen jij dat?
11%
Tes Broekzak
8%
Ge wit oit noit nie Je weet het nooit
8%
K zuuk da nie daar heb ik geen zin in
3%
Krek Net/bijna
3%
Bakkes Houd je mond
0%
Geen overeenkomende quizzen gevonden
Scoreverdeling
Procent van Mensen met Elke Score
Percentiel versus Aantal Correcte Antwoorden
Uw Scoregeschiedenis
U heeft deze quiz nog niet genomen